WHEN WE ALL FALL ASLEEP, WHERE DO WE GO - Billie Eilish - Statistics

General Stats
  • This quiz has been taken 9 times
  • The average score is 11 of 14
Answer Stats
Songs Plays Artists % Correct
!!!!!!! 234,577 Billie Eilish
100%
bad guy 2,829,226,417 Billie Eilish
100%
all the good girls go to hell 735,341,476 Billie Eilish
88%
ilomilo 533,527,114 Billie Eilish
88%
i love you 1,261,221,570 Billie Eilish
88%
when the party's over 2,352,834,036 Billie Eilish
88%
8 342,777,158 Billie Eilish
75%
listen before i go 680,230,900 Billie Eilish
75%
xanny 521,828,642 Billie Eilish
75%
you should see me in a crown 1,000,278,320 Billie Eilish
75%
bury a friend 1,128,377,685 Billie Eilish
63%
goodbye 288,490,355 Billie Eilish
63%
wish you were gay 889,224,683 Billie Eilish
63%
my strange addiction 619,671,165 Billie Eilish
50%
No matching quizzes found
Score Distribution
Percent of People with Each Score
Percentile by Number Answered
Your Score History
You have not taken this quiz